Biopolymers : non-exclusion HPLC
Saved in:
| Format | Book |
|---|---|
| Language | German |
| Published |
Berlin :
Akademie-Verlag,
1987
|
| Series | Advances in polymer science
|
| Subjects | |
| ISBN | 3540164227 3-05-500287-3 |
| Physical Description | 232 s. : il. ; 25 cm |
Cover
| LEADER | 00000cam a2200000 a 4500 | ||
|---|---|---|---|
| 001 | 54425 | ||
| 003 | CZ-ZlUTB | ||
| 005 | 20190826002050.0 | ||
| 007 | tu | ||
| 008 | 940112s1987 gw a f 001 0 ger d | ||
| 020 | |a 3540164227 |q (Verlag) | ||
| 020 | |a 3-05-500287-3 |q (Akademie Verlag : |q brož.) | ||
| 040 | |a ABA001 |b cze |d ABA001 |d ZLD002 | ||
| 072 | 7 | |a 577 |x Biochemie. Molekulární biologie. Biofyzika |2 Konspekt |9 2 | |
| 080 | |a 577.11 |2 MRF | ||
| 080 | |a 54-126 |2 MRF | ||
| 080 | |a 678.7/.8 |2 MRF | ||
| 080 | |a 543.544.5.068.7 |2 MRF | ||
| 245 | 0 | 0 | |a Biopolymers : |b non-exclusion HPLC / |c autorenkollektiv |
| 246 | 3 | 4 | |a Polymer science |
| 260 | |a Berlin : |b Akademie-Verlag, |c 1987 | ||
| 300 | |a 232 s. : |b il. ; |c 25 cm | ||
| 490 | 1 | |a Advances in polymer science ; |v vol. 79 | |
| 504 | |a Obsahuje bibliografii a rejstřík | ||
| 650 | 0 | 7 | |a biopolymery |7 ph118921 |2 czenas |
| 650 | 0 | 7 | |a polymery |7 ph124310 |2 czenas |
| 650 | 0 | 7 | |a vysokoúčinná kapalinová chromatografie |7 ph153479 |2 czenas |
| 650 | 0 | 9 | |a biopolymers |2 eczenas |
| 650 | 0 | 9 | |a polymers |2 eczenas |
| 650 | 0 | 9 | |a high performance liquid chromatography |2 eczenas |
| 655 | 7 | |a kolektivní monografie |7 fd501537 |2 czenas | |
| 655 | 9 | |a collective monographs |2 eczenas | |
| 830 | 0 | |a Advances in polymer science | |
| 910 | |a ZLD002 | ||
| 952 | |0 0 |1 0 |4 0 |6 678BIOPOLYMERS |7 0 |8 BOOK |9 99676 |a UTBZL |b UTBZL |c 030 |d 2009-12-15 |l 0 |o 678/BIOPOLYMERS |p 420010129022 |r 2019-08-26 00:00:00 |w 2019-08-26 |x N: převod SPUR | 20100831 |y 05 | ||
| 990 | |a SPUR | ||
| 992 | |a BK |b SK |c SPUR | ||
| 998 | |a 000817525 | ||
| 999 | |c 54425 |d 54425 | ||